Normal view
MARC view
Entry Topical Term
001 - CONTROL NUMBER
- control field: 724900
003 - CONTROL NUMBER IDENTIFIER
- control field: OSt
005 - DATE AND TIME OF LATEST TRANSACTION
- control field: 20241128112735.0
008 - FIXED-LENGTH DATA ELEMENTS
- fixed length control field: 241128|| aca||aabn | a|a d
040 ## - CATALOGING SOURCE
- Original cataloging agency: OSt
- Transcribing agency: OSt
150 ## - HEADING--TOPICAL TERM
- Topical term or geographic name entry element: Anthropocene
670 ## - SOURCE DATA FOUND
- Source citation: Work cat.: (OSt)1219132: Turner Ii B.L. 724899, Anthropocene:101 Questions and answers for understanding the human impact on the global environment, 2023
